[Event "TV2 Fagernes International 2018"]
[Site "Scandic Hotel Fagernes"]
[Date "2018.03.25"]
[Round "1"]
[White "Haug, Johannes"]
[Black "Nordquelle, Daniel"]
[Result "1/2-1/2"]
[WhiteElo "2360"]
[BlackElo "2200"]
[PlyCount "29"]
[EventDate "2018.??.??"]

1. d4 Nf6 2. c4 e6 3. Nf3 d5 4. Nc3 dxc4 5. e3 a6 6. a4 b6 7. Bxc4 Bb7 8. O-O
Bb4 9. Qb3 Qe7 10. Bd2 O-O 11. Rfd1 Nc6 12. Bd3 Bd6 13. Re1 e5 14. Ne4 Nxe4 15.
Bxe4
1/2-1/2

[Event "TV2 Fagernes International 2018"]
[Site "Scandic Hotel Fagernes"]
[Date "2018.03.25"]
[Round "1"]
[White "Sahl, Sheila Barth"]
[Black "Welling, Gerard"]
[Result "0-1"]
[WhiteElo "2186"]
[BlackElo "2332"]
[PlyCount "124"]
[EventDate "2018.??.??"]

1. Nf3 Nf6 2. g3 d6 3. d4 Nbd7 4. Bg2 e5 5. dxe5 dxe5 6. O-O Bc5 7. Nc3 O-O 8.
e4 c6 9. Qe2 a5 10. Nh4 b5 11. Rd1 Qb6 12. Nf5 Kh8 13. Be3 Bxe3 14. Qxe3 Qxe3
15. Nxe3 Nc5 16. a3 Be6 17. Rd6 Rfc8 18. f3 g6 19. Bf1 Kg7 20. Rad1 Kf8 21. Ne2
Ke7 22. R6d2 h5 23. Nc1 Nfd7 24. Bd3 Na4 25. c3 Ndc5 26. f4 f6 27. fxe5 fxe5
28. b4 Nxd3 29. Nxd3 Nxc3 30. Rc1 Nxe4 31. Re2 Kd6 32. Nc5 Nxc5 33. bxc5+ Kc7
34. Nc2 Bh3 35. Rxe5 Re8 36. Rg5 Re6 37. Nd4 Rf6 38. Ne2 Re8 39. Nf4 Bf5 40.
Rf1 Re5 41. Nxg6 Rxg6 42. Rgxf5 Rxf5 43. Rxf5 h4 44. Kf2 hxg3+ 45. hxg3 Rg4 46.
Kf3 Ra4 47. Rf7+ Kd8 48. g4 Rxa3+ 49. Kf4 Ra1 50. Ke5 a4 51. Kd6 Ke8 52. Re7+
Kf8 53. Rb7 a3 54. Kxc6 a2 55. Rxb5 Rb1 56. Ra5 a1=Q 57. Rxa1 Rxa1 58. Kd7 Rd1+
59. Ke6 Rc1 60. Kd6 Ke8 61. c6 Kd8 62. g5 Rg1
0-1

[Event "TV2 Fagernes International 2018"]
[Site "Scandic Hotel Fagernes"]
[Date "2018.03.25"]
[Round "1"]
[White "Dolzhykova, Kateryna"]
[Black "Lillevold, Frode"]
[Result "0-1"]
[WhiteElo "2288"]
[BlackElo "2113"]
[PlyCount "104"]
[EventDate "2018.??.??"]

1. e4 e5 2. Nf3 Nc6 3. Nc3 Nf6 4. d4 exd4 5. Nxd4 Bb4 6. Nxc6 bxc6 7. Bd3 d5 8.
exd5 cxd5 9. O-O O-O 10. Bg5 c6 11. Qf3 Be7 12. Rfe1 Rb8 13. Rab1 Re8 14. h3
Be6 15. Ne2 h6 16. Bf4 Bd6 17. Nd4 Bxf4 18. Qxf4 Bd7 19. Qd6 Rxb2 20. Rxb2
Rxe1+ 21. Kh2 Qf8 22. Bh7+ Nxh7 23. Qxd7 Nf6 24. Qxc6 Qe7 25. Nf3 Re6 26. Qc8+
Kh7 27. Rb7 Qd6+ 28. g3 Re7 29. Rxe7 Qxe7 30. Qf5+ g6 31. Qe5 Qc5 32. Ng5+ hxg5
33. Qxf6 Kg8 34. c3 Qa5 35. Kg2 Qxa2 36. Qxg5 Qc4 37. Qf6 Qe4+ 38. Kh2 Qf5 39.
Qd4 a5 40. g4 Qe4 41. Qf6 a4 42. Qd8+ Kg7 43. Qd6 Qf3 44. Qe5+ Qf6 45. Qe3 a3
46. g5 Qf5 47. Qd2 Qe5+ 48. f4 Qe4 49. Kg3 Qc4 50. Kg4 a2 51. Qe1 Qe4 52. Qd1
Kg8
0-1

[Event "TV2 Fagernes International 2018"]
[Site "Scandic Hotel Fagernes"]
[Date "2018.03.25"]
[Round "1"]
[White "Rozentalis, Eduardas"]
[Black "Betaneli, Alexander"]
[Result "1-0"]
[WhiteElo "2512"]
[BlackElo "2231"]
[PlyCount "93"]
[EventDate "2018.??.??"]

1. e4 e5 2. Nf3 Nc6 3. Bc4 Be7 4. O-O Nf6 5. d3 O-O 6. Re1 d6 7. c3 a6 8. a4
Be6 9. Bxe6 fxe6 10. a5 Kh8 11. Nbd2 Nd7 12. Nc4 Bf6 13. Ne3 Qe8 14. b4 Qf7 15.
Bd2 Ne7 16. Ng4 Ng6 17. d4 Be7 18. Kh1 h5 19. Ne3 h4 20. dxe5 Ndxe5 21. Nxe5
Nxe5 22. f4 Nd3 23. Rf1 d5 24. exd5 exd5 25. Qe2 Nb2 26. Be1 Nc4 27. Nxc4 dxc4
28. f5 Rae8 29. Qg4 Bf6 30. Bxh4 Bxh4 31. Qxh4+ Kg8 32. Rf3 Qd5 33. Raf1 Qe4
34. Qg3 Qe5 35. Qg4 Qe4 36. Qg5 Qe5 37. h3 Rf6 38. Rg3 Re7 39. Qh4 Rc6 40. f6
Rf7 41. Rg5 Qxc3 42. Rh5 Rfxf6 43. Rh8+ Kf7 44. Qh5+ Ke6 45. Qe8+ Kd5 46. Rh5+
Kd4 47. Rd1+
1-0

[Event "TV2 Fagernes International 2018"]
[Site "Scandic Hotel Fagernes"]
[Date "2018.03.25"]
[Round "1"]
[White "Vestby-Ellingsen, Mads"]
[Black "Kveinys, Aloyzas"]
[Result "1-0"]
[WhiteElo "2194"]
[BlackElo "2511"]
[PlyCount "77"]
[EventDate "2018.??.??"]

1. d4 Nf6 2. c4 e6 3. Nc3 Bb4 4. f3 c5 5. d5 O-O 6. e4 b5 7. Nh3 d6 8. Nf4 e5
9. Nfe2 bxc4 10. Ng3 Nbd7 11. Bxc4 Nb6 12. Be2 c4 13. Bg5 h6 14. Be3 Nfd7 15.
O-O a5 16. Kh1 a4 17. a3 Bc5 18. Nf5 Bxe3 19. Nxe3 Qc7 20. Rc1 Qc5 21. Qd2 Re8
22. Na2 Ba6 23. Nf5 Qc7 24. Rc3 Kh7 25. f4 Nf8 26. Nxh6 exf4 27. Rh3 Bc8 28.
Bg4 Ng6 29. Rxf4 gxh6 30. Bxc8 Raxc8 31. Rg4 Kg7 32. Qxh6+ Kf6 33. Qg5+ Kg7 34.
Qh6+ Kf6 35. Rxg6+ fxg6 36. Rf3+ Ke5 37. Qf4+ Kd4 38. Qe3+ Ke5 39. Qc3+
1-0

[Event "TV2 Fagernes International 2018"]
[Site "Scandic Hotel Fagernes"]
[Date "2018.03.25"]
[Round "2"]
[White "Haug, Johannes"]
[Black "Sahl, Sheila Barth"]
[Result "1-0"]
[WhiteElo "2360"]
[BlackElo "2186"]
[PlyCount "99"]
[EventDate "2018.??.??"]

1. e4 c5 2. Nf3 d6 3. Bb5+ Nd7 4. d4 cxd4 5. Qxd4 a6 6. Bxd7+ Bxd7 7. O-O Rc8
8. Nc3 e5 9. Qd3 h6 10. Nd2 Qc7 11. Rd1 Nf6 12. a4 Be7 13. Nf1 O-O 14. Ne3 Rfe8
15. Bd2 Be6 16. Be1 Bc4 17. Qd2 Qc6 18. Nxc4 Qxc4 19. b3 Qc6 20. Qd3 Bd8 21. a5
Re6 22. Ra4 Nh5 23. Rc4 Qd7 24. Rxc8 Qxc8 25. Nd5 Rg6 26. Qf3 Nf6 27. c4 Nd7
28. Qf5 Re6 29. Qf3 Bg5 30. g3 Nb8 31. Bc3 Nc6 32. Qe2 Bd8 33. b4 Qd7 34. Qd2
Bg5 35. Qd3 Qd8 36. Qf3 Be7 37. Qd3 Bf8 38. Qd2 Kh7 39. Rb1 Ne7 40. b5 Qc8 41.
Ne3 axb5 42. cxb5 g6 43. Ra1 Qc5 44. a6 bxa6 45. bxa6 Nc6 46. Nd5 Qa7 47. Qe3
Nd4 48. Bxd4 exd4 49. Qb3 Re8 50. Nf6+
1-0

[Event "TV2 Fagernes International 2018"]
[Site "Scandic Hotel Fagernes"]
[Date "2018.03.25"]
[Round "2"]
[White "Welling, Gerard"]
[Black "Dolzhykova, Kateryna"]
[Result "1/2-1/2"]
[WhiteElo "2332"]
[BlackElo "2288"]
[PlyCount "62"]
[EventDate "2018.??.??"]

1. e4 c5 2. d3 Nc6 3. f4 e6 4. Nf3 d6 5. Be2 Nge7 6. O-O g6 7. c3 Bg7 8. a4 O-O
9. Na3 b6 10. Be3 d5 11. Bf2 Bb7 12. e5 d4 13. c4 Nf5 14. Nc2 f6 15. exf6 Bxf6
16. Rb1 e5 17. fxe5 Nxe5 18. Nxe5 Bxe5 19. Bg4 Qg5 20. Bf3 Rab8 21. Bxb7 Rxb7
22. Qf3 Rbf7 23. Qh3 Qd2 24. Ne1 Ne3 25. Nf3 Nxf1 26. Nxd2 Nxd2 27. Rd1 Rxf2
28. Qe6+ R8f7 29. Qe8+ Rf8 30. Qe6+ R8f7 31. Qe8+ Rf8
1/2-1/2

[Event "TV2 Fagernes International 2018"]
[Site "Scandic Hotel Fagernes"]
[Date "2018.03.25"]
[Round "2"]
[White "Lillevold, Frode"]
[Black "Rozentalis, Eduardas"]
[Result "0-1"]
[WhiteElo "2113"]
[BlackElo "2512"]
[PlyCount "228"]
[EventDate "2018.??.??"]

1. d4 Nf6 2. c4 e6 3. Nc3 Bb4 4. e3 b6 5. Nge2 Ne4 6. Bd2 Nxd2 7. Qxd2 O-O 8.
a3 Be7 9. Nf4 d6 10. Bd3 Nd7 11. Qc2 h6 12. Bh7+ Kh8 13. Be4 Rb8 14. Nb5 a5 15.
Na7 Bb7 16. Nc6 Bxc6 17. Bxc6 Nf6 18. O-O Ng8 19. Qd3 Bg5 20. Nh5 Ne7 21. Ba4
f5 22. Nf4 Bxf4 23. exf4 Ng6 24. Qe3 Rf6 25. Rfe1 c5 26. Rad1 Qc7 27. Rd2 cxd4
28. Qxd4 e5 29. fxe5 dxe5 30. Qd7 Qxc4 31. Rc2 Qg4 32. Rc3 Rbf8 33. Bb3 Qd4 34.
Qb7 Nf4 35. Rg3 Nh5 36. Rh3 Qxb2 37. Bd1 Qd2 38. Rf1 Nf4 39. Rg3 g6 40. Rb3 Rd6
41. Qe7 Rdf6 42. Qxe5 Qd6 43. Qe3 Rd8 44. Bf3 Re6 45. Qc3+ Kh7 46. h4 Qe7 47.
Qc4 g5 48. hxg5 hxg5 49. g3 Ng6 50. Qc2 g4 51. Bg2 Qf6 52. Rd1 Rxd1+ 53. Qxd1
Qe7 54. Qd3 Re1+ 55. Bf1 Qe6 56. Rb1 Rxb1 57. Qxb1 Ne5 58. Be2 Kg6 59. a4 Qd6
60. Qc2 Kf6 61. Qc8 Qd5 62. Qh8+ Ke7 63. Qg7+ Nf7 64. Qb2 Qe5 65. Qc2 Qc5 66.
Qd1 Nd6 67. Bd3 Qd4 68. Qc2 Ne4 69. Qc7+ Kf6 70. Bxe4 fxe4 71. Qf4+ Ke7 72.
Qxg4 Qxa4 73. Qg7+ Kd6 74. Qf8+ Kc7 75. Qe7+ Qd7 76. Qe5+ Qd6 77. Qxe4 b5 78.
g4 a4 79. g5 a3 80. g6 a2 81. Qc2+ Kb6 82. Qxa2 Qxg6+ 83. Kf1 Qe4 84. Qg8 b4
85. Qb8+ Kc5 86. f4 Kc4 87. Qc7+ Kd3 88. Qd6+ Ke3 89. Qc5+ Kxf4 90. Qc1+ Kf3
91. Qd1+ Kf4 92. Qd2+ Kg4 93. Qe2+ Kf5 94. Qb5+ Kf4 95. Qb8+ Kf3 96. Qf8+ Ke3
97. Qc5+ Kd2 98. Qf2+ Kc3 99. Qf6+ Qd4 100. Qf3+ Qd3+ 101. Ke1 b3 102. Qf6+ Kc2
103. Qf2+ Kb1 104. Qb6 b2 105. Qb4 Qd5 106. Qa4 Kc1 107. Qf4+ Kc2 108. Qf2+ Kc3
109. Qe3+ Qd3 110. Qc5+ Qc4 111. Qe3+ Kc2 112. Qd2+ Kb3 113. Qd1+ Ka2 114. Qd2
Qc1+
0-1

[Event "TV2 Fagernes International 2018"]
[Site "Scandic Hotel Fagernes"]
[Date "2018.03.25"]
[Round "2"]
[White "Betaneli, Alexander"]
[Black "Vestby-Ellingsen, Mads"]
[Result "1/2-1/2"]
[WhiteElo "2231"]
[BlackElo "2194"]
[PlyCount "171"]
[EventDate "2018.??.??"]

1. Nf3 Nf6 2. d4 g6 3. b3 Bg7 4. Bb2 c5 5. dxc5 Qa5+ 6. Nbd2 Qxc5 7. e3 O-O 8.
Be2 d5 9. O-O Nc6 10. c4 Rd8 11. Rc1 dxc4 12. Bxc4 Qa5 13. Bc3 Qh5 14. Be2 Qf5
15. Qe1 Be6 16. Nd4 Nxd4 17. Bxd4 Bd5 18. Bf3 Bxf3 19. Nxf3 b6 20. Qe2 Rdc8 21.
Ne5 Qe6 22. Qb5 Ne4 23. Nc6 Bxd4 24. exd4 Nd6 25. d5 Nxb5 26. dxe6 Rc7 27.
exf7+ Kf8 28. Ne5 Rac8 29. Rxc7 Rxc7 30. Rd1 Nd6 31. g3 Rc2 32. a4 Nxf7 33.
Nxf7 Kxf7 34. Rd3 Rb2 35. Kg2 h5 36. h4 Kf6 37. Kf3 Kf5 38. Rd5+ e5 39. Rb5 Kf6
40. Ke3 Rb1 41. Ke4 Rb2 42. a5 bxa5 43. Rxa5 Rxb3 44. Rxa7 Rb4+ 45. Kd3 Rb3+
46. Ke2 Rb2+ 47. Kf1 Rb1+ 48. Kg2 Rb3 49. Ra8 Kf7 50. Ra6 Rc3 51. Kf1 Rc2 52.
Rd6 Rb2 53. Kg2 Rb3 54. Ra6 Rc3 55. Ra4 Kf6 56. Ra2 Kf5 57. Ra8 Kf6 58. Rf8+
Ke7 59. Rf3 Rc1 60. Ra3 Kf6 61. Rf3+ Ke6 62. Rf8 Rc3 63. Rg8 Kf7 64. Rb8 Kf6
65. Rb5 Ra3 66. Rb4 Ke6 67. g4 hxg4 68. Rxg4 Kf5 69. Rg5+ Kf6 70. f3 Ra2+ 71.
Kg3 Ra3 72. Rg4 Kf5 73. Rb4 Re3 74. Kf2 Ra3 75. Rb8 Ra2+ 76. Kg3 Ra4 77. Rh8
Rb4 78. h5 gxh5 79. Rxh5+ Kf6 80. Rh8 Ra4 81. Rf8+ Ke6 82. Rg8 Kf6 83. Rg4
Rxg4+ 84. Kxg4 Kg6 85. f4 exf4 86. Kxf4
1/2-1/2

[Event "TV2 Fagernes International 2018"]
[Site "Scandic Hotel Fagernes"]
[Date "2018.03.25"]
[Round "2"]
[White "Nordquelle, Daniel"]
[Black "Kveinys, Aloyzas"]
[Result "0-1"]
[WhiteElo "2200"]
[BlackElo "2511"]
[PlyCount "110"]
[EventDate "2018.??.??"]

1. e4 c5 2. c3 d5 3. exd5 Qxd5 4. d4 Nf6 5. Nf3 e6 6. Be2 Nc6 7. Be3 cxd4 8.
cxd4 Be7 9. O-O O-O 10. Nc3 Qd6 11. a3 Rd8 12. b4 b6 13. Qb3 Bb7 14. Rfd1 h6
15. h3 Bf8 16. Rac1 Rac8 17. Rc2 Ne7 18. Rdc1 Qb8 19. Ne5 Nf5 20. Nb5 Rxc2 21.
Rxc2 Nd5 22. Bg4 a6 23. Bxf5 axb5 24. Bd3 Bd6 25. Nc6 Bxc6 26. Rxc6 Bf4 27.
Bxf4 Qxf4 28. Bxb5 Qxd4 29. Bf1 Qa1 30. Rc2 Ra8 31. Ra2 Qc3 32. Qxc3 Nxc3 33.
Ra1 Nd5 34. b5 Ra5 35. Bd3 Nc3 36. Kf1 Kf8 37. Ke1 Ke7 38. Kd2 Nxb5 39. Rb1 Nd6
40. Rxb6 Rxa3 41. Rb2 g5 42. Rb8 f5 43. Rh8 Nf7 44. Rb8 Ne5 45. Be2 Ra2+ 46.
Ke1 Ra1+ 47. Kd2 Rg1 48. g4 f4 49. Rh8 Nf7 50. Rc8 Rh1 51. Rc3 Nd6 52. Bf3 Rxh3
53. Ke2 Nf7 54. Rc5 Kf6 55. Ra5 Ne5
0-1

[Event "TV2 Fagernes International 2018"]
[Site "Scandic Hotel Fagernes"]
[Date "2018.03.25"]
[Round "3"]
[White "Dolzhykova, Kateryna"]
[Black "Haug, Johannes"]
[Result "0-1"]
[WhiteElo "2288"]
[BlackElo "2360"]
[PlyCount "86"]
[EventDate "2018.??.??"]

1. e4 e5 2. Nf3 Nc6 3. Bb5 a6 4. Bxc6 dxc6 5. O-O Bd6 6. d4 exd4 7. Qxd4 f6 8.
Nbd2 Be6 9. Nc4 Bxh2+ 10. Kxh2 Qxd4 11. Nxd4 Bxc4 12. Re1 O-O-O 13. Nf5 Rd7 14.
b3 Be6 15. Ng3 h5 16. f3 Nh6 17. Be3 Nf7 18. Ne2 Ne5 19. Nd4 Bf7 20. Kg3 c5 21.
Nf5 b6 22. Kf2 g6 23. Ng3 h4 24. Ne2 g5 25. Ng1 g4 26. Bf4 Be6 27. Bxe5 fxe5
28. fxg4 Bxg4 29. Nf3 h3 30. Nxe5 Rd2+ 31. Ke3 Rxg2 32. Rg1 Re2+ 33. Kd3 Rd8+
34. Kc3 Re3+ 35. Kb2 Be2 36. Rae1 Rxe4 37. Nf7 Rde8 38. Ng5 Re3 39. Kc1 Bb5 40.
Rxe3 Rxe3 41. Kd2 Re2+ 42. Kd1 h2 43. Rh1 Rf2
0-1

[Event "TV2 Fagernes International 2018"]
[Site "Scandic Hotel Fagernes"]
[Date "2018.03.25"]
[Round "3"]
[White "Sahl, Sheila Barth"]
[Black "Nordquelle, Daniel"]
[Result "0-1"]
[WhiteElo "2186"]
[BlackElo "2200"]
[PlyCount "100"]
[EventDate "2018.??.??"]

1. c4 c5 2. Nc3 Nf6 3. g3 d5 4. cxd5 Nxd5 5. Bg2 Nc7 6. Nf3 Nc6 7. O-O e5 8. d3
Be7 9. b3 f6 10. Ba3 O-O 11. Rc1 Bd7 12. Bb2 Rb8 13. Nd2 b6 14. Nc4 Kh8 15. f4
exf4 16. gxf4 f5 17. Rf3 Bf6 18. Rh3 Ne7 19. e3 g6 20. Qc2 Bc6 21. Bxc6 Nxc6
22. Qg2 Qe8 23. Nd1 Bxb2 24. Qxb2+ Kg8 25. a3 Qe7 26. Rc2 Rbd8 27. Nf2 Nd5 28.
Ne5 Nxe5 29. Qxe5 Qxe5 30. fxe5 Rfe8 31. e4 fxe4 32. dxe4 Nf4 33. Rf3 Ne6 34.
Rb2 Nd4 35. Rg3 Rxe5 36. Kg2 Kg7 37. Rb1 a5 38. h3 Re7 39. Rd3 Red7 40. Ng4 Ne6
41. Rxd7+ Rxd7 42. Nf2 Rd2 43. Kg3 Nd4 44. h4 Kf6 45. Ng4+ Ke6 46. Kf4 Rd3 47.
b4 cxb4 48. axb4 a4 49. e5 a3 50. Ke4 Rb3
0-1

[Event "TV2 Fagernes International 2018"]
[Site "Scandic Hotel Fagernes"]
[Date "2018.03.25"]
[Round "3"]
[White "Rozentalis, Eduardas"]
[Black "Welling, Gerard"]
[Result "1-0"]
[WhiteElo "2512"]
[BlackElo "2332"]
[PlyCount "65"]
[EventDate "2018.??.??"]

1. e4 e6 2. d4 d5 3. Nd2 dxe4 4. Nxe4 Nd7 5. Nf3 Ngf6 6. Bd3 c5 7. O-O Nxe4 8.
Bxe4 Nf6 9. Bg5 cxd4 10. Nxd4 Bc5 11. c3 h6 12. Bxf6 Qxf6 13. Nb3 Bb6 14. a4
O-O 15. a5 Bc7 16. Qe2 Rb8 17. g3 e5 18. Rfd1 b6 19. Bd5 Bf5 20. axb6 Bxb6 21.
Na5 Bd7 22. b4 Rbc8 23. Ra3 Rfd8 24. c4 Bd4 25. Nb7 Rf8 26. c5 Be6 27. Bg2 h5
28. h3 h4 29. g4 Qg6 30. Rxa7 f5 31. Ra6 fxg4 32. Rxe6 Qxe6 33. Rxd4
1-0

[Event "TV2 Fagernes International 2018"]
[Site "Scandic Hotel Fagernes"]
[Date "2018.03.25"]
[Round "3"]
[White "Vestby-Ellingsen, Mads"]
[Black "Lillevold, Frode"]
[Result "1-0"]
[WhiteElo "2194"]
[BlackElo "2113"]
[PlyCount "101"]
[EventDate "2018.??.??"]

1. e4 e5 2. Nf3 Nc6 3. Bb5 a6 4. Ba4 Nf6 5. O-O Nxe4 6. d4 b5 7. Bb3 d5 8. dxe5
Be6 9. c3 Bc5 10. Nbd2 O-O 11. Qe2 Nxd2 12. Bxd2 Bg4 13. Rad1 Bxf3 14. Qxf3
Nxe5 15. Qxd5 Qxd5 16. Bxd5 c6 17. Be4 f5 18. Bc2 Rad8 19. h3 Nc4 20. Bc1 g6
21. b3 Nb6 22. Bg5 Rxd1 23. Rxd1 Re8 24. b4 Be7 25. Bb3+ Nc4 26. Bxe7 Rxe7 27.
Rd6 Rc7 28. Bxc4+ bxc4 29. Rd4 a5 30. a3 axb4 31. axb4 Kf7 32. Rxc4 Ke6 33. Kf1
Kd6 34. Rd4+ Ke6 35. f4 Ra7 36. c4 c5 37. bxc5 Ra5 38. Ke2 Rxc5 39. Kd3 Ra5 40.
Kc3 Ra3+ 41. Kb4 Ra2 42. g3 Rb2+ 43. Ka4 Ra2+ 44. Kb3 Rg2 45. Rd3 h6 46. h4 g5
47. hxg5 hxg5 48. fxg5 Rh2 49. c5 Rh7 50. Kc4 Rg7 51. c6
1-0

[Event "TV2 Fagernes International 2018"]
[Site "Scandic Hotel Fagernes"]
[Date "2018.03.25"]
[Round "3"]
[White "Kveinys, Aloyzas"]
[Black "Betaneli, Alexander"]
[Result "1/2-1/2"]
[WhiteElo "2511"]
[BlackElo "2231"]
[PlyCount "138"]
[EventDate "2018.??.??"]

1. d4 d5 2. c4 e6 3. Nc3 Be7 4. Nf3 Nf6 5. Bf4 O-O 6. e3 Nbd7 7. Be2 dxc4 8.
O-O Nb6 9. a4 Nfd5 10. a5 Nxc3 11. bxc3 Nd5 12. Bxc4 Nxf4 13. exf4 c5 14. d5
Qc7 15. Ne5 exd5 16. Bxd5 Be6 17. Bxe6 fxe6 18. g3 Rad8 19. Qb3 Rd5 20. Rab1
Bf6 21. Nc4 Rf7 22. Ne3 Rd6 23. Rfd1 g6 24. Qc4 Kg7 25. Rxd6 Qxd6 26. Qe4 b6
27. Rd1 Qe7 28. Nc4 bxa5 29. Nxa5 Qc7 30. Nc4 Qb7 31. Qxe6 Re7 32. Qd6 Bxc3 33.
Qxc5 Rc7 34. Nd6 Rxc5 35. Nxb7 Rc7 36. Nd6 Re7 37. Nb5 Bb4 38. Nd4 a5 39. Kf1
Kf6 40. Nc6 Rb7 41. Rd5 Bc3 42. Rc5 Rb1+ 43. Kg2 Be1 44. Nxa5 Rb2 45. Rc6+ Kg7
46. Nc4 Rxf2+ 47. Kh3 Ra2 48. Rc7+ Kg8 49. Ne5 Bf2 50. Ng4 Bd4 51. Nh6+ Kh8 52.
g4 Ra8 53. g5 Bg7 54. Ng4 Kg8 55. Rc4 Ra3+ 56. Kh4 Rd3 57. h3 Kf8 58. Rc8+ Kf7
59. Rc7+ Kf8 60. Nh6 Bxh6 61. gxh6 Kg8 62. Rc8+ Kf7 63. Rh8 Kf6 64. Rxh7 Rd4
65. Rh8 Rxf4+ 66. Kg3 g5 67. Rf8+ Kg6 68. Rxf4 gxf4+ 69. Kxf4 Kxh6
1/2-1/2

[Event "TV2 Fagernes International 2018"]
[Site "Scandic Hotel Fagernes"]
[Date "2018.03.25"]
[Round "4"]
[White "Haug, Johannes"]
[Black "Rozentalis, Eduardas"]
[Result "1/2-1/2"]
[WhiteElo "2360"]
[BlackElo "2512"]
[PlyCount "20"]
[EventDate "2018.??.??"]

1. d4 Nf6 2. c4 e6 3. Nf3 b6 4. g3 Bb7 5. Bg2 Be7 6. O-O O-O 7. d5 exd5 8. Nh4
c6 9. cxd5 cxd5 10. Nc3 Na6
1/2-1/2

[Event "TV2 Fagernes International 2018"]
[Site "Scandic Hotel Fagernes"]
[Date "2018.03.25"]
[Round "4"]
[White "Sahl, Sheila Barth"]
[Black "Dolzhykova, Kateryna"]
[Result "1-0"]
[WhiteElo "2186"]
[BlackElo "2288"]
[PlyCount "55"]
[EventDate "2018.??.??"]

1. c4 e5 2. Nc3 Bb4 3. Nd5 Na6 4. a3 Ba5 5. b4 c6 6. Nc3 Bc7 7. d4 Ne7 8. d5
cxd5 9. cxd5 Nf5 10. Nf3 Qf6 11. Bg5 Qg6 12. h4 h6 13. h5 Qb6 14. Bd2 O-O 15.
e4 Nd4 16. Be3 f5 17. Nxd4 exd4 18. Bxd4 Qd6 19. e5 Qe7 20. f4 d6 21. e6 Bb6
22. Bxb6 axb6 23. Be2 Nc7 24. Rh3 Ne8 25. Nb5 Nf6 26. Rc1 Ne4 27. Rc7 Qf6 28.
Qd4
1-0

[Event "TV2 Fagernes International 2018"]
[Site "Scandic Hotel Fagernes"]
[Date "2018.03.25"]
[Round "4"]
[White "Welling, Gerard"]
[Black "Vestby-Ellingsen, Mads"]
[Result "0-1"]
[WhiteElo "2332"]
[BlackElo "2194"]
[PlyCount "70"]
[EventDate "2018.??.??"]

1. e4 c5 2. Nc3 e6 3. f4 Nc6 4. Nf3 d5 5. Bb5 Nge7 6. exd5 exd5 7. Qe2 Bg4 8.
Bxc6+ bxc6 9. b3 Bxf3 10. Qxf3 Nf5 11. O-O Be7 12. Qd3 Qd7 13. Bb2 O-O 14. Ne2
Rad8 15. Ng3 Nxg3 16. Qxg3 d4 17. d3 f5 18. Rae1 Rfe8 19. Re2 Bd6 20. Rfe1 Rxe2
21. Rxe2 Re8 22. Rxe8+ Qxe8 23. Qf2 Qh5 24. g3 Qd1+ 25. Kg2 Bf8 26. c3 dxc3 27.
Bxc3 Qxd3 28. Qe1 Qd5+ 29. Kh3 c4 30. b4 Kf7 31. Qf2 Be7 32. Qe2 Qd3 33. Qe1
Qf3 34. Bxg7 Qg4+ 35. Kg2 Qxg7
0-1

[Event "TV2 Fagernes International 2018"]
[Site "Scandic Hotel Fagernes"]
[Date "2018.03.25"]
[Round "4"]
[White "Lillevold, Frode"]
[Black "Kveinys, Aloyzas"]
[Result "0-1"]
[WhiteElo "2113"]
[BlackElo "2511"]
[PlyCount "38"]
[EventDate "2018.??.??"]

1. d4 Nf6 2. c4 e6 3. Nc3 Bb4 4. e3 O-O 5. Nge2 Re8 6. a3 Bf8 7. d5 a5 8. Ng3
Na6 9. Bd3 Nc5 10. Bc2 d6 11. O-O Bd7 12. e4 exd5 13. exd5 g6 14. Be3 Ng4 15.
Re1 Nxe3 16. Rxe3 Rxe3 17. fxe3 Bg7 18. Rb1 Qh4 19. Nb5 Qxc4
0-1

[Event "TV2 Fagernes International 2018"]
[Site "Scandic Hotel Fagernes"]
[Date "2018.03.25"]
[Round "4"]
[White "Nordquelle, Daniel"]
[Black "Betaneli, Alexander"]
[Result "1-0"]
[WhiteElo "2200"]
[BlackElo "2231"]
[PlyCount "147"]
[EventDate "2018.??.??"]

1. e4 e5 2. Nf3 Nc6 3. Bb5 a6 4. Ba4 d6 5. c3 Bd7 6. O-O g6 7. d4 Bg7 8. d5
Nce7 9. Bxd7+ Qxd7 10. c4 h6 11. Nc3 f5 12. a4 a5 13. Ne1 Nf6 14. f3 O-O 15. c5
fxe4 16. fxe4 Nh5 17. Rxf8+ Rxf8 18. cxd6 Qxd6 19. Be3 c6 20. Nd3 cxd5 21. Bc5
Qd8 22. Nxd5 Nxd5 23. Bxf8 Bxf8 24. exd5 e4 25. Nc1 Qb6+ 26. Kh1 Nf4 27. b3 Qf2
28. Ra2 Nd3 29. Re2 Nb2 30. Qe1 Qd4 31. Rxe4 Qxd5 32. Re8 Kf7 33. Re5 Qd4 34.
Re4 Qd1 35. Qxd1 Nxd1 36. Nd3 Nc3 37. Re5 b6 38. Re3 Nd5 39. Rf3+ Ke8 40. Nf4
Nxf4 41. Rxf4 Bg7 42. Kg1 Ke7 43. Kf2 Be5 44. Rc4 Ke6 45. h3 h5 46. Ke3 Kd5 47.
Kd3 g5 48. Rc8 h4 49. Rg8 Bf4 50. Rg6 Kc5 51. Rf6 Bc1 52. Rf5+ Kd6 53. Kd4 Bb2+
54. Kc4 Bc1 55. Rd5+ Ke6 56. Kd4 Kf6 57. Ke4 Ba3 58. Rf5+ Kg6 59. Rf3 Bc5 60.
Ke5 g4 61. Rf4 gxh3 62. gxh3 Be7 63. Ke6 Bg5 64. Rg4 Kh5 65. Kf5 Bd2 66. Re4
Bc3 67. Re7 Kh6 68. Re6+ Kh5 69. Rxb6 Bd4 70. Rd6 Bc3 71. Rd5 Bb4 72. Kf4+ Kg6
73. Kg4 Be1 74. Re5
1-0

[Event "TV2 Fagernes International 2018"]
[Site "Scandic Hotel Fagernes"]
[Date "2018.03.25"]
[Round "5"]
[White "Vestby-Ellingsen, Mads"]
[Black "Haug, Johannes"]
[Result "1/2-1/2"]
[WhiteElo "2194"]
[BlackElo "2360"]
[PlyCount "46"]
[EventDate "2018.??.??"]

1. d4 Nf6 2. c4 e6 3. Nf3 Bb4+ 4. Bd2 a5 5. g3 O-O 6. Bg2 d5 7. O-O Be7 8. Qc2
c6 9. Bf4 Nbd7 10. Rd1 h6 11. b3 b6 12. Nbd2 Nh5 13. Be3 Bb7 14. Qb2 Bd6 15.
Ne5 Qe7 16. g4 Nhf6 17. g5 hxg5 18. Bxg5 Qd8 19. Nxd7 Qxd7 20. Bxf6 gxf6 21. e4
Kg7 22. e5 Be7 23. Qc3 Rh8
1/2-1/2

[Event "TV2 Fagernes International 2018"]
[Site "Scandic Hotel Fagernes"]
[Date "2018.03.25"]
[Round "5"]
[White "Rozentalis, Eduardas"]
[Black "Sahl, Sheila Barth"]
[Result "1-0"]
[WhiteElo "2512"]
[BlackElo "2186"]
[PlyCount "61"]
[EventDate "2018.??.??"]

1. e4 e5 2. Nf3 Nc6 3. g3 Bc5 4. Bg2 Nf6 5. d3 d6 6. c3 a5 7. O-O O-O 8. a4 d5
9. exd5 Nxd5 10. Nbd2 Nf6 11. Qe2 Re8 12. Ne4 Nxe4 13. dxe4 h6 14. Nh4 Qf6 15.
Be3 Bf8 16. f4 exf4 17. Rxf4 Qe5 18. Nf5 g6 19. Nd4 Nd8 20. Raf1 c5 21. Nb5 Be6
22. R4f2 g5 23. Qh5 Bg7 24. Rd2 Rf8 25. Nd6 Ra6 26. Nf5 Bc4 27. Rfd1 Ne6 28.
Nxh6+ Bxh6 29. Qxh6 Nf4 30. gxf4 gxf4 31. Qxf4
1-0

[Event "TV2 Fagernes International 2018"]
[Site "Scandic Hotel Fagernes"]
[Date "2018.03.25"]
[Round "5"]
[White "Dolzhykova, Kateryna"]
[Black "Nordquelle, Daniel"]
[Result "0-1"]
[WhiteElo "2288"]
[BlackElo "2200"]
[PlyCount "96"]
[EventDate "2018.??.??"]

1. e4 e6 2. d4 b6 3. Bd3 Bb7 4. Ne2 Nf6 5. f3 d5 6. e5 Nfd7 7. O-O c5 8. c3 Ba6
9. Bxa6 Nxa6 10. f4 g6 11. Nd2 h5 12. Nf3 Be7 13. Be3 Nab8 14. Qe1 Nc6 15. Rd1
cxd4 16. Nexd4 Nxd4 17. Nxd4 Qc7 18. Qg3 Rg8 19. c4 Qxc4 20. Rc1 Qa6 21. Rc7
Bd8 22. Rxd7 Kxd7 23. f5 b5 24. fxe6+ fxe6 25. Rf7+ Ke8 26. Qf2 Rc8 27. Bh6 Qb6
28. Rf8+ Rxf8 29. Qxf8+ Kd7 30. Be3 Be7 31. Qg7 Qa5 32. Nf3 Rf8 33. Bc5 Qd8 34.
Nd4 Qe8 35. b4 Qf7 36. Qxf7 Rxf7 37. Bxe7 Kxe7 38. Nxb5 Kd8 39. Nd4 Kd7 40. g3
Rf8 41. h4 Rc8 42. b5 Rc4 43. Ne2 Ke7 44. Kf2 Rc2 45. a4 Ra2 46. Ke3 Rxa4 47.
Nd4 Kd7 48. Ne2 Re4+
0-1

[Event "TV2 Fagernes International 2018"]
[Site "Scandic Hotel Fagernes"]
[Date "2018.03.25"]
[Round "5"]
[White "Kveinys, Aloyzas"]
[Black "Welling, Gerard"]
[Result "1-0"]
[WhiteElo "2511"]
[BlackElo "2332"]
[PlyCount "69"]
[EventDate "2018.??.??"]

1. d4 e6 2. c4 Bb4+ 3. Nc3 c5 4. Nf3 Nf6 5. g3 Ne4 6. Qd3 Qa5 7. Qxe4 Bxc3+ 8.
Bd2 Bxd2+ 9. Nxd2 cxd4 10. Qxd4 O-O 11. Bg2 Qc7 12. O-O Nc6 13. Qe3 b6 14. Rfd1
Bb7 15. Ne4 Na5 16. Rac1 Bxe4 17. Bxe4 Rac8 18. Qd3 f5 19. Bf3 Rf7 20. c5 bxc5
21. b4 Nb7 22. Qa6 d6 23. Bxb7 Qxb7 24. Rxd6 Qxa6 25. Rxa6 c4 26. b5 Rb7 27.
Rc6 Rxc6 28. bxc6 Rc7 29. Rxc4 Kf7 30. Kg2 Ke7 31. Kf3 g5 32. e4 Kd6 33. exf5
exf5 34. g4 f4 35. Ke4
1-0